Economic history of modern India (1757 to 1947)/ (Record no. 9051)

MARC details
000 -LEADER
fixed length control field 00715 a2200205 4500
010 ## - LIBRARY OF CONGRESS CONTROL NUMBER
LC control number ENG-88723
020 ## - INTERNATIONAL STANDARD BOOK NUMBER
International Standard Book Number 8189973037
Terms of availability 590.00
035 ## - SYSTEM CONTROL NUMBER
System control number EN-72256
037 ## - SOURCE OF ACQUISITION
Source of stock number/acquisition DBAD / PUB
082 14 - DEWEY DECIMAL CLASSIFICATION NUMBER
Classification number 330.954
090 ## - LOCALLY ASSIGNED LC-TYPE CALL NUMBER (OCLC); LOCAL CALL NUMBER (OCLC)
-- 9218
-- 9218
100 ## - MAIN ENTRY--PERSONAL NAME
Personal name Pandey, S. N.
245 1# - TITLE STATEMENT
Title Economic history of modern India (1757 to 1947)/
Statement of responsibility, etc by S. N. Pandey
260 ## - PUBLICATION, DISTRIBUTION, ETC. (IMPRINT)
Place of publication, distribution, etc New Delhi
Name of publisher, distributor, etc Readworthy Publications
Date of publication, distribution, etc 2008
270 ## - ADDRESS
Address A-18, Mohan Garden, Near Nawada Metro Staion
City New Delhi
Postal code 110059
Electronic mail address info@readworthypub.com
300 ## - PHYSICAL DESCRIPTION
Extent viii, 222 p.
Dimensions 23 cm. (Hb)
500 ## - GENERAL NOTE
General note Includes index
942 ## - ADDED ENTRY ELEMENTS (KOHA)
Institution code [OBSOLETE] dpl
Koha item type English Books
Call number prefix 330.954 / PAN
Holdings
Withdrawn status Lost status Source of classification or shelving scheme Damaged status Not for loan Collection code Home library Current library Source of acquisition Cost, normal purchase price Total Checkouts Full call number Barcode Date last seen Copy number Uniform Resource Identifier Cost, replacement price Price effective from Koha item type
    Dewey Decimal Classification   Not For Loan Non-fiction D.B.Act.Division D.B.Act.Division DBAD/PUB 590.00   330.954 PAN EN-72256 15/09/2008 1 10006 590.00 15/09/2008 English Books

© Delhi Public Library
Hit Counter
free hit counter